000 00724nam a2200193Ia 4500
003 LDD
008 190117s9999 xx 000 0 und d
020 _a8126001348
_c₹15
040 _cLDD
041 _ahi
082 _a8U6 अ658स
100 _aअल्वी, वारिस
245 0 _aसआतद हसन मंटो
_b भारतीय साहित्य के निर्माता
_cवारिस अल्वी
260 _aनई दिल्ली
_bसाहित्य अकादेमी
_c1996
300 _a87
901 _aHBC
904 _aReqst by : रीतारानी पालीवाल
942 _2ddc
_cH
999 _c154618
_d154618